| 000 | 00616nam a2200169 i 4500 | ||
|---|---|---|---|
| 001 | 47015 | ||
| 003 | ES-MaACL | ||
| 005 | 20230906161504.0 | ||
| 007 | t| | ||
| 008 | 030402s1947 sp ||||1| spa d | ||
| 245 | 0 | 0 |
_aContestaciones al programa de médicos de asistencia pública domiciliaria / _cpor Vicente Sentí Montegud ... [et al.]. |
| 260 |
_aSalamanca : _b[s.n.], _c1947. |
||
| 300 |
_a2 v. ; _c23 cm. |
||
| 505 | 8 | _aContiene: V. I: Medicina. -- V. II: Administración y legislación sanitarias, higiene y cirugía | |
| 700 | 1 |
_aSentí Montegud, Vicente. _9105480 |
|
| 852 |
_aES-MaACL _jC-4764-65 _bR.25286 |
||
| 999 |
_c47015 _d47015 |
||